000 00516nam a2200193Ia 4500
005 20250326142054.0
008 250326s9999 xx 000 0 und d
037 _aTextbook
040 _aFMSL
_beng
_cFMSL
041 _aeng
_2eng
084 _aX3:74 M5
_qFMSL
100 _aHouseman R C
_9745523
245 0 _aBusiness communication:strategies and skills
_cHouseman R C
250 _a2
260 _aNY
_bNY, Dryden
_c1986
300 _a655p
942 _cTB
_hX3:74 M5
999 _c1293306
_d1293306